Helsingin keskustan kadut kartalla - Statistics

General Stats
  • This quiz has been taken 309 times
  • The average score is 17 of 49
Answers on the Map
Answers color-coded by a green-red scale on the quiz's map according to % correct below.
 
Answer Stats
Tien nimi % Correct
Mannerheimintie
92%
Aleksanterinkatu
74%
PohjoisesplanadI
67%
Eteläesplanadi
65%
Annankatu
64%
Bulevardi
61%
Mikonkatu
59%
Kaivokatu
53%
Kaisaniemenkatu
52%
Lönnrotinkatu
50%
Fredrikinkatu
48%
Eerikinkatu
43%
Simonkatu
43%
Yrjönkatu
43%
Unioninkatu
42%
Kalevankatu
36%
Runeberginkatu
34%
Albertinkatu
33%
Fabianinkatu
33%
Arkadiankatu
32%
Kasarmikatu
32%
Pohjoinen Rautatiekatu
32%
Eteläinen Rautatiekatu
31%
Eteläranta
31%
Mariankatu
31%
Yliopistonkatu
31%
Korkeavuorenkatu
30%
Snellmanninkatu
28%
Erottajankatu
27%
Pohjoisranta
27%
Uudenmaankatu
26%
Postikatu
25%
Urho Kekkosen katu
25%
Kirkkokatu
24%
Lapinlahdenkatu
22%
Ruoholahdenkatu
21%
Malminkatu
19%
Malminrinne
18%
Abrahaminkatu
17%
Hallituskatu
17%
Vilhonkatu
17%
Kansakoulunkatu
16%
Hietalahdenkatu
15%
Eteläinen Makasiinikatu
14%
Katajanokanlaituri
13%
Pohjoinen Makasiinikatu
13%
Salomonkatu
13%
Kanavakatu
12%
Lapinrinne
12%
No matching quizzes found
Score Distribution
Percent of People with Each Score
Percentile by Number Answered
Your Score History
You have not taken this quiz